[Event "Open Mediterranean 2017"]
[Site "Rijeka CRO"]
[Date "2009.12.03"]
[Round "7.45"]
[White "Noordhoek, Henk"]
[Black "Mateljak, Goran"]
[Result "1-0"]
[WhiteElo "2087"]
[BlackElo "1936"]
[PlyCount "197"]
[EventDate "2009.11.28"]
[EventType "swiss"]
[EventRounds "9"]
[EventCountry "CRO"]
[Source "lmi"]
[SourceDate "2009.11.28"]

1. Nf3 Nf6 2. g3 b6 3. Bg2 Bb7 4. d4 e6 5. O-O Be7 6. c3 O-O 7. Nbd2 d5 8. Ne5
Nbd7 9. Ndf3 h6 10. Qa4 Nxe5 11. Nxe5 Bd6 12. Nd3 Qc8 13. Bf4 Bxf4 14. Nxf4 c5
15. Rac1 Bc6 16. Qc2 Qb7 17. Nd3 Nd7 18. Qd2 Rac8 19. e3 Rfd8 20. Rfe1 a5 21.
a3 a4 22. Qd1 Qa6 23. Nf4 Nf6 24. Nd3 Nd7 25. f3 Qb7 26. Rc2 Bb5 27. Nf2 Bc4
28. Rd2 Bb3 29. Qb1 cxd4 30. exd4 Nf8 31. f4 Qd7 32. Nd3 f6 33. Re3 Qf7 34. Qe1
Bc4 35. Nf2 Re8 36. Bh3 f5 37. Bg2 Rc7 38. Bf3 g6 39. Bd1 Bb5 40. Bc2 Ra7 41.
Nh3 Bc4 42. Rg2 Ree7 43. Kh1 b5 44. Ng1 Qf6 45. Nf3 Rg7 46. Ne5 Kh8 47. Bd1 Kh7
48. h3 Rge7 49. Kh2 Rg7 50. Bf3 Rgc7 51. Qf2 Rg7 52. Rg1 Rgc7 53. Qe1 Rg7 54.
Qf2 Rg8 55. Bd1 Rgg7 56. Rge1 Kh8 57. Bc2 Kh7 58. Qf3 Rg8 59. Kg1 Rgg7 60. Kf2
Rg8 61. Rg1 Rgg7 62. Ree1 Rg8 63. Ke3 Rgg7 64. Kd2 Rg8 65. Rg2 Rgg7 66. Qe3 Rg8
67. Reg1 Rgg7 68. g4 Kh8 69. g5 hxg5 70. Rxg5 Kg8 71. Qg3 Rac7 72. Bd1 Ra7 73.
h4 Rac7 74. Ke3 Ra7 75. Kf2 Rac7 76. Nxg6 Nxg6 77. Rxg6 Rxg6 78. Qxg6+ Qxg6 79.
Rxg6+ Rg7 80. Rxe6 Kf7 81. Rd6 Ke7 82. Rb6 Kf7 83. Rb7+ Kg8 84. Rxg7+ Kxg7 85.
Bc2 Kh6 86. Bxf5 Kh5 87. Kg3 Kh6 88. Kh3 Be2 89. Bd7 Kg6 90. Bc6 Kf5 91. Kg3
Bc4 92. Kf3 Kf6 93. Bd7 Bd3 94. Ke3 Bc4 95. Bg4 Bb3 96. Be2 Kf5 97. Bxb5 Kf6
98. Bd3 Ke6 99. Ke2 1-0

[Event "Open Mediterranean 2017"]
[Site "Rijeka CRO"]
[Date "2009.12.03"]
[Round "7.46"]
[White "Spika, Ivica"]
[Black "Grguric, Daria"]
[Result "0-1"]
[WhiteElo "2086"]
[BlackElo "1884"]
[PlyCount "120"]
[EventDate "2009.11.28"]
[EventType "swiss"]
[EventRounds "9"]
[EventCountry "CRO"]
[Source "lmi"]
[SourceDate "2009.11.28"]

1. d4 e6 2. c4 Nf6 3. Nf3 d5 4. Qc2 c6 5. e3 Be7 6. Nc3 O-O 7. Bd3 dxc4 8. Bxc4
c5 9. O-O a6 10. dxc5 Bxc5 11. Rd1 Qe7 12. Bd3 Nc6 13. a3 h6 14. Bd2 e5 15. Ne4
Nxe4 16. Bxe4 f5 17. Bd5+ Kh8 18. Rac1 Bd6 19. Bc3 e4 20. Bxc6 bxc6 21. Nh4
Bxh2+ 22. Kxh2 Qxh4+ 23. Kg1 Be6 24. Rd6 Bd5 25. Be5 Rf7 26. Qe2 Qe7 27. Bf4
Rf6 28. Rxf6 Qxf6 29. Bc7 Qf7 30. Be5 Qe6 31. Bd4 Kh7 32. Qd2 h5 33. Qa5 Qf7
34. g3 Qb7 35. Rc5 Qd7 36. Kf1 Qb7 37. Qc3 Qf7 38. Be5 Qg6 39. Ke1 h4 40. gxh4
Qg1+ 41. Ke2 Qg4+ 42. Kd2 Qxh4 43. Bg3 Qd8 44. Ke1 a5 45. Qe5 Qd7 46. Kf1 a4
47. Qd4 Qf7 48. Rc1 Qh5 49. Qd1 Qh1+ 50. Ke2 Qf3+ 51. Kd2 Qxd1+ 52. Rxd1 Bb3
53. Rh1+ Kg6 54. Be5 Rd8+ 55. Kc3 c5 56. Rg1+ Kh5 57. Bd4 cxd4+ 58. exd4 Rc8+
59. Kd2 Rc2+ 60. Ke3 g5 0-1

[Event "Open Mediterranean 2017"]
[Site "Rijeka CRO"]
[Date "2009.12.03"]
[Round "7.47"]
[White "Padjen, Zdenko"]
[Black "Kanceljak, Dalia"]
[Result "1/2-1/2"]
[WhiteElo "2082"]
[BlackElo "1919"]
[PlyCount "83"]
[EventDate "2009.11.28"]
[EventType "swiss"]
[EventRounds "9"]
[EventCountry "CRO"]
[Source "lmi"]
[SourceDate "2009.11.28"]

1. e4 c5 2. Nf3 e6 3. d3 Nc6 4. g3 g6 5. Bg2 Bg7 6. O-O Nge7 7. Re1 O-O 8. Nbd2
d5 9. e5 Qc7 10. Qe2 b6 11. Nf1 Nf5 12. c3 Ba6 13. Bf4 c4 14. d4 b5 15. a3 Rab8
16. g4 Nfe7 17. Qd2 Bc8 18. h4 a5 19. Ng3 b4 20. axb4 axb4 21. Bh6 Bd7 22. Bxg7
Kxg7 23. Qg5 Ng8 24. Nh5+ Kh8 25. Nf6 Qd8 26. Qf4 bxc3 27. bxc3 Rb3 28. Re3 Rb7
29. h5 Nce7 30. Ng5 h6 31. Ngh7 g5 32. Nxg5 hxg5 33. Qxg5 Qb8 34. Rf1 Ba4 35.
Rh3 Bc2 36. h6 Ng6 37. h7 N8e7 38. Nh5 f6 39. exf6 Nc6 40. Ng7 Qc8 41. Re1 Nd8
42. Nh5 1/2-1/2

[Event "Open Mediterranean 2017"]
[Site "Rijeka CRO"]
[Date "2009.12.03"]
[Round "7.48"]
[White "Logar, Metod"]
[Black "Beljan, Mladen"]
[Result "1-0"]
[WhiteElo "2071"]
[BlackElo "1908"]
[PlyCount "79"]
[EventDate "2009.11.28"]
[EventType "swiss"]
[EventRounds "9"]
[EventCountry "CRO"]
[Source "lmi"]
[SourceDate "2009.11.28"]

1. e4 e5 2. Nf3 Nc6 3. Bb5 a6 4. Ba4 b5 5. Bb3 d6 6. c3 Nf6 7. d3 Na5 8. Bc2 c5
9. O-O Be7 10. Re1 O-O 11. Be3 Bg4 12. h3 Bh5 13. Nbd2 Nc6 14. Nf1 d5 15. Ng3
Bg6 16. Qe2 d4 17. Bd2 Re8 18. Nh4 Nxe4 19. Nxg6 Nxg3 20. Nxe7+ Qxe7 21. fxg3
f5 22. Qf3 Qd7 23. Bb3+ Kh8 24. Bd5 Rac8 25. Bxc6 Rxc6 26. cxd4 cxd4 27. Rac1
Rxc1 28. Bxc1 g6 29. g4 f4 30. Bd2 Qe6 31. Bxf4 exf4 32. Rxe6 Rxe6 33. Qxf4 Kg8
34. h4 Re7 35. h5 Rf7 36. Qg5 Rg7 37. Qd8+ Kf7 38. h6 Rg8 39. Qd5+ Kf8 40. Qd7
1-0

[Event "Open Mediterranean 2017"]
[Site "Rijeka CRO"]
[Date "2009.12.03"]
[Round "7.49"]
[White "Radmanovic, Lazar"]
[Black "Solic, Kristina"]
[Result "0-1"]
[WhiteElo "1890"]
[BlackElo "2190"]
[PlyCount "83"]
[EventDate "2009.11.28"]
[EventType "swiss"]
[EventRounds "9"]
[EventCountry "CRO"]
[Source "lmi"]
[SourceDate "2009.11.28"]

1. e4 c5 2. Nf3 d6 3. Bc4 Nc6 4. O-O Nf6 5. Re1 Bg4 6. d3 e6 7. Be3 Be7 8. Nbd2
a6 9. a4 O-O 10. Qc1 Rb8 11. h3 Bh5 12. Ng5 d5 13. Ba2 h6 14. exd5 exd5 15.
Ngf3 Bd6 16. d4 Bxf3 17. Nxf3 c4 18. c3 Ne4 19. Qc2 f5 20. Rad1 b5 21. Nd2 f4
22. Nxe4 fxe3 23. Rxe3 dxe4 24. Qxe4 Rf6 25. Bb1 Bf4 26. Rf3 Qd6 27. Re1 Bh2+
28. Kh1 Rxf3 29. gxf3 Bf4 30. Qh7+ Kf7 31. Bf5 Ne7 32. Bg4 Rb6 33. Be6+ Qxe6
34. Rxe6 Rxe6 35. axb5 Ng6 36. h4 Re1+ 37. Kg2 Nxh4+ 38. Kh3 Ng6 39. Kg4 axb5
40. Kf5 Re6 41. d5 Rf6+ 42. Ke4 0-1

[Event "Open Mediterranean 2017"]
[Site "Rijeka CRO"]
[Date "2009.12.03"]
[Round "7.50"]
[White "Soric, Romeo"]
[Black "Hamzic, Abid"]
[Result "0-1"]
[WhiteElo "2153"]
[BlackElo "1843"]
[PlyCount "70"]
[EventDate "2009.11.28"]
[EventType "swiss"]
[EventRounds "9"]
[EventCountry "CRO"]
[Source "lmi"]
[SourceDate "2009.11.28"]

1. Nf3 Nc6 2. g3 e5 3. d3 Bc5 4. Bg2 Nf6 5. O-O O-O 6. Nc3 d5 7. Bg5 Be6 8. e4
d4 9. Ne2 h6 10. Bxf6 Qxf6 11. Nd2 g5 12. f4 exf4 13. gxf4 gxf4 14. Nxf4 Qh4
15. Qh5 Qxh5 16. Nxh5 Nb4 17. a3 Nc6 18. Nf3 Be7 19. Kh1 Kh7 20. Rf2 Bg4 21.
Ng3 Rad8 22. Raf1 f5 23. Nxf5 Bxf5 24. exf5 Rxf5 25. Nd2 Rxf2 26. Rxf2 Ne5 27.
Bxb7 Rf8 28. Re2 Bf6 29. Ne4 Bh4 30. Ng3 Ng4 31. Be4+ Kh8 32. Nf5 Bf6 33. h3
Ne3 34. Nxh6 Bg5 35. Ng4 Rf1+ 0-1

[Event "Open Mediterranean 2017"]
[Site "Rijeka CRO"]
[Date "2009.12.04"]
[Round "8.1"]
[White "Kozul, Zdenko"]
[Black "Safarli, Eltaj"]
[Result "1/2-1/2"]
[WhiteElo "2604"]
[BlackElo "2592"]
[PlyCount "21"]
[EventDate "2009.11.28"]
[EventType "swiss"]
[EventRounds "9"]
[EventCountry "CRO"]
[Source "lmi"]
[SourceDate "2009.11.28"]

1. d4 Nf6 2. Nf3 g6 3. c4 Bg7 4. Nc3 d5 5. cxd5 Nxd5 6. e4 Nxc3 7. bxc3 c5 8.
Be3 Qa5 9. Qd2 Nc6 10. Rc1 f5 11. exf5 1/2-1/2

[Event "Open Mediterranean 2017"]
[Site "Rijeka CRO"]
[Date "2009.12.04"]
[Round "8.2"]
[White "Cvitan, Ognjen"]
[Black "Bosiocic, Marin"]
[Result "1/2-1/2"]
[WhiteElo "2533"]
[BlackElo "2575"]
[PlyCount "28"]
[EventDate "2009.11.28"]
[EventType "swiss"]
[EventRounds "9"]
[EventCountry "CRO"]
[Source "lmi"]
[SourceDate "2009.11.28"]

1. d4 Nf6 2. Nf3 g6 3. c4 Bg7 4. g3 c6 5. Nc3 d5 6. Qb3 O-O 7. Bg2 Qb6 8. O-O
Rd8 9. e3 Be6 10. Na4 Qxb3 11. axb3 Na6 12. Ne5 dxc4 13. bxc4 Ng4 14. Nxg4 Bxg4
1/2-1/2

[Event "Open Mediterranean 2017"]
[Site "Rijeka CRO"]
[Date "2009.12.04"]
[Round "8.3"]
[White "Saric, Ante"]
[Black "Gajewski, Grzegorz"]
[Result "1/2-1/2"]
[WhiteElo "2471"]
[BlackElo "2561"]
[PlyCount "35"]
[EventDate "2009.11.28"]
[EventType "swiss"]
[EventRounds "9"]
[EventCountry "CRO"]
[Source "lmi"]
[SourceDate "2009.11.28"]

1. d4 Nf6 2. c4 e6 3. Nc3 Bb4 4. Qc2 O-O 5. a3 Bxc3+ 6. Qxc3 d5 7. Nf3 dxc4 8.
Qxc4 b6 9. Bg5 Ba6 10. Qa4 c5 11. dxc5 bxc5 12. Rd1 Qb6 13. Bxf6 gxf6 14. Rd2
Nc6 15. Qg4+ Kh8 16. Qh4 Kg7 17. Qg3+ Kh8 18. Qh4 1/2-1/2

[Event "Open Mediterranean 2017"]
[Site "Rijeka CRO"]
[Date "2009.12.04"]
[Round "8.4"]
[White "Drazic, Sinisa"]
[Black "Kovacevic, Aleksandar"]
[Result "1/2-1/2"]
[WhiteElo "2519"]
[BlackElo "2558"]
[PlyCount "40"]
[EventDate "2009.11.28"]
[EventType "swiss"]
[EventRounds "9"]
[EventCountry "CRO"]
[Source "lmi"]
[SourceDate "2009.11.28"]

1. e4 c5 2. Nc3 Nc6 3. g3 g6 4. Bg2 Bg7 5. d3 d6 6. Nge2 e6 7. O-O Nge7 8. Be3
Nd4 9. Qd2 O-O 10. Nc1 Rb8 11. Nd1 b5 12. c3 Ndc6 13. a3 a5 14. Ne2 b4 15. axb4
axb4 16. Bh6 Na5 17. Nc1 bxc3 18. bxc3 Nb3 19. Nxb3 Rxb3 20. Bxg7 Kxg7 1/2-1/2

[Event "Open Mediterranean 2017"]
[Site "Rijeka CRO"]
[Date "2009.12.04"]
[Round "8.5"]
[White "Predojevic, Borki"]
[Black "Kovacevic, Blazimir"]
[Result "1/2-1/2"]
[WhiteElo "2652"]
[BlackElo "2430"]
[PlyCount "67"]
[EventDate "2009.11.28"]
[EventType "swiss"]
[EventRounds "9"]
[EventCountry "CRO"]
[Source "lmi"]
[SourceDate "2009.11.28"]

1. e4 d5 2. exd5 Qxd5 3. Nc3 Qd6 4. d4 Nf6 5. Nf3 g6 6. Nb5 Qb6 7. c4 c6 8. Nc3
Bg7 9. Be2 O-O 10. O-O Bf5 11. Re1 Na6 12. c5 Qc7 13. Bxa6 bxa6 14. Ne5 Rfd8
15. Qa4 Rac8 16. Be3 Nd5 17. Nxd5 Rxd5 18. Qxa6 Bxe5 19. dxe5 Bd3 20. Qa3 Bb5
21. Bh6 Rcd8 22. Qg3 Qc8 23. h3 Qe6 24. Qg4 Rxe5 25. Qxe6 Rxe6 26. Rxe6 fxe6
27. b3 Rd5 28. a4 Bd3 29. b4 a6 30. Be3 Kf7 31. Kh2 e5 32. g4 Ke6 33. Kg3 Rd8
34. Rd1 1/2-1/2

[Event "Open Mediterranean 2017"]
[Site "Rijeka CRO"]
[Date "2009.12.04"]
[Round "8.6"]
[White "Lenic, Luka"]
[Black "Dancevski, Orce"]
[Result "1-0"]
[WhiteElo "2598"]
[BlackElo "2418"]
[PlyCount "111"]
[EventDate "2009.11.28"]
[EventType "swiss"]
[EventRounds "9"]
[EventCountry "CRO"]
[Source "lmi"]
[SourceDate "2009.11.28"]

1. d4 Nf6 2. c4 g6 3. Nc3 Bg7 4. e4 d6 5. f3 O-O 6. Be3 c5 7. dxc5 dxc5 8. Qxd8
Rxd8 9. Bxc5 Nc6 10. Nge2 b6 11. Ba3 e6 12. Rd1 Ba6 13. Nc1 Nd7 14. Nb3 Bxc3+
15. bxc3 Nde5 16. c5 Bxf1 17. Rxf1 Nc4 18. Bc1 Rxd1+ 19. Kxd1 N6e5 20. Kc2 Rc8
21. cxb6 Nxb6 22. Nd4 Na4 23. Ne2 Nc4 24. Rd1 Nab6 25. Nd4 a6 26. Bh6 Re8 27.
Nc6 f6 28. Bc1 Kf7 29. Rd8 Rxd8 30. Nxd8+ Ke7 31. Nb7 a5 32. Kd3 Ne5+ 33. Kd4
a4 34. Ba3+ Ke8 35. Bd6 Nec4 36. Bc7 Kd7 37. Bxb6 Nxb6 38. Kc5 Kc7 39. Na5 Nd7+
40. Kb5 Ne5 41. Nc4 Nd3 42. Kxa4 Ne1 43. Ne3 f5 44. exf5 gxf5 45. f4 Kc6 46.
Kb3 Kc5 47. a4 h5 48. g3 Nf3 49. Nf1 h4 50. gxh4 Nxh4 51. Ne3 Nf3 52. h3 Nh4
53. Ka3 Ng6 54. Ng2 Kc4 55. h4 e5 56. h5 1-0

[Event "Open Mediterranean 2017"]
[Site "Rijeka CRO"]
[Date "2009.12.04"]
[Round "8.7"]
[White "Palac, Mladen"]
[Black "Sale, Srdjan"]
[Result "1-0"]
[WhiteElo "2578"]
[BlackElo "2399"]
[PlyCount "75"]
[EventDate "2009.11.28"]
[EventType "swiss"]
[EventRounds "9"]
[EventCountry "CRO"]
[Source "lmi"]
[SourceDate "2009.11.28"]

1. e4 Nf6 2. e5 Nd5 3. d4 d6 4. Nf3 Bg4 5. Be2 e6 6. O-O Be7 7. c4 Nb6 8. Be3
O-O 9. Nc3 a6 10. Qb3 N8d7 11. exd6 cxd6 12. a4 Bxf3 13. Bxf3 Qc7 14. c5 dxc5
15. a5 Nc8 16. Qxb7 Qxb7 17. Bxb7 Ra7 18. Bf3 cxd4 19. Bxd4 Bc5 20. Bxc5 Nxc5
21. b4 Nb3 22. Rad1 Rc7 23. Rd3 Rc4 24. Rb1 Nd4 25. Bb7 Nc6 26. Na2 Nb8 27. Rc1
Rxc1+ 28. Nxc1 Na7 29. Rd6 Nb5 30. Rb6 Rd8 31. Bf3 Nd4 32. Nd3 Nxf3+ 33. gxf3
Rc8 34. Nc5 Nc6 35. Nxa6 Kf8 36. Rb7 g5 37. Nc5 Nxa5 38. Nd7+ 1-0

[Event "Open Mediterranean 2017"]
[Site "Rijeka CRO"]
[Date "2009.12.04"]
[Round "8.8"]
[White "Doric, Darko"]
[Black "Chatalbashev, Boris"]
[Result "0-1"]
[WhiteElo "2470"]
[BlackElo "2561"]
[PlyCount "108"]
[EventDate "2009.11.28"]
[EventType "swiss"]
[EventRounds "9"]
[EventCountry "CRO"]
[Source "lmi"]
[SourceDate "2009.11.28"]

1. d4 Nf6 2. c4 e6 3. Nc3 Bb4 4. Qc2 c5 5. dxc5 O-O 6. a3 Bxc5 7. Bf4 b6 8. Nf3
Bb7 9. e3 Nc6 10. Be2 Rc8 11. Rd1 Be7 12. O-O a6 13. e4 Nh5 14. Bd6 Na5 15. Ne5
Bxd6 16. Rxd6 Nf4 17. Nxd7 Qg5 18. g3 Nxe2+ 19. Qxe2 Nxc4 20. Rd4 Rfd8 21. Rfd1
b5 22. h4 Qe7 23. b3 Na5 24. Qd3 Nc6 25. Rd6 e5 26. Nb6 Rb8 27. b4 Nd4 28.
Rxd8+ Rxd8 29. Ncd5 Qe6 30. f4 Qg4 31. fxe5 Nc6 32. Kg2 Qe6 33. Qc3 h6 34. a4
Kh7 35. Rf1 bxa4 36. Nxa4 Qxe5 37. Nc5 Rxd5 38. Qxe5 Rxe5 39. Nxb7 f6 40. Ra1
Nxb4 41. Ra4 Rxe4 42. Nc5 Re2+ 43. Kf3 Rc2 44. Nxa6 Nd3 45. Ra3 Ne5+ 46. Kf4
Kg6 47. Rb3 Rc6 48. Nb8 Rc4+ 49. Ke3 Kf5 50. Rb7 Rc3+ 51. Kf2 Ng4+ 52. Kg2 Rc2+
53. Kg1 Ke4 54. Rb3 Ne3 0-1

[Event "Open Mediterranean 2017"]
[Site "Rijeka CRO"]
[Date "2009.12.04"]
[Round "8.9"]
[White "Mitkov, Marjan"]
[Black "Ruck, Robert"]
[Result "0-1"]
[WhiteElo "2395"]
[BlackElo "2556"]
[PlyCount "136"]
[EventDate "2009.11.28"]
[EventType "swiss"]
[EventRounds "9"]
[EventCountry "CRO"]
[Source "lmi"]
[SourceDate "2009.11.28"]

1. c4 Nf6 2. Nc3 e5 3. g3 Bb4 4. Qc2 O-O 5. Bg2 Re8 6. Nf3 Nc6 7. O-O Bxc3 8.
Qxc3 d5 9. cxd5 Nxd5 10. Qc5 e4 11. Nd4 Nf4 12. Nxc6 Nxe2+ 13. Kh1 bxc6 14. b3
Bg4 15. Qe3 Qd4 16. Qxd4 Nxd4 17. Bb2 Rad8 18. h3 Bf3 19. Rac1 Ne2 20. Rc2 Re6
21. Kh2 Red6 22. Bc3 f5 23. Bxf3 exf3 24. Bb4 Rh6 25. Rc5 Rd5 26. Rc4 g5 27.
Be7 g4 28. h4 c5 29. Rxc5 Rxc5 30. Bxc5 f4 31. a4 a6 32. b4 Rh5 33. Ra1 Kf7 34.
Ra2 Ke6 35. Rc2 Rd5 36. Ba7 Kd7 37. a5 c6 38. Bb8 fxg3+ 39. Bxg3 h5 40. Rb2 Kc8
41. Rc2 Kd7 42. Rb2 Rd4 43. Be5 Re4 44. Bg3 Kc8 45. Rc2 Kd7 46. Rb2 Rd4 47. Be5
Re4 48. Bb8 Nd4 49. Ba7 Nf5 50. Rb3 Re2 51. Rd3+ Ke6 52. Kg1 Nxh4 53. Rc3 Rxd2
54. Rxc6+ Rd6 55. Rc4 Nf5 56. Bc5 Rd1+ 57. Kh2 Rd2 58. Kg1 g3 59. fxg3 Rg2+ 60.
Kf1 Nxg3+ 61. Ke1 Re2+ 62. Kd1 f2 63. Bxf2 Rxf2 64. Rc6+ Kf5 65. Rxa6 h4 66. b5
Rb2 67. b6 h3 68. Ra8 h2 0-1

[Event "Open Mediterranean 2017"]
[Site "Rijeka CRO"]
[Date "2009.12.04"]
[Round "8.10"]
[White "Jovanic, Ognjen"]
[Black "Lekic, Dusan"]
[Result "1/2-1/2"]
[WhiteElo "2552"]
[BlackElo "2387"]
[PlyCount "146"]
[EventDate "2009.11.28"]
[EventType "swiss"]
[EventRounds "9"]
[EventCountry "CRO"]
[Source "lmi"]
[SourceDate "2009.11.28"]

1. d4 Nf6 2. c4 e6 3. Nf3 d5 4. Nc3 Be7 5. Bg5 h6 6. Bh4 O-O 7. e3 b6 8. Qc2
Bb7 9. Bxf6 Bxf6 10. cxd5 exd5 11. O-O-O c5 12. h4 cxd4 13. exd4 Nc6 14. g4 g6
15. g5 hxg5 16. hxg5 Bxg5+ 17. Kb1 Bf6 18. Qd2 Bg7 19. Bg2 Bc8 20. Ne5 Bf5+ 21.
Ka1 Nb4 22. a3 a5 23. Rc1 Re8 24. Bh3 Bxh3 25. Rxh3 Rxe5 26. dxe5 d4 27. axb4
Qc8 28. Na4 Qxh3 29. Nxb6 Ra6 30. bxa5 Bxe5 31. Qb4 d3 32. Rc8+ Kh7 33. Re8 Bg7
34. Nc4 Qf1+ 35. Re1 Qg2 36. Qb5 Qc6 37. Qxc6 Rxc6 38. Ne3 Rc5 39. Kb1 Rxa5 40.
Kc1 Rb5 41. Rh1+ Kg8 42. Nd1 Be5 43. Kd2 Rb3 44. Ke3 Bxb2 45. Rh4 Bc1+ 46. Kf3
Bb2 47. Rc4 Kg7 48. Rc7 Bd4 49. Ke4 Rb1 50. Rd7 Rxd1 51. Rxd4 Kf6 52. Rd6+ Kg5
53. Ke3 f5 54. Kf3 Kh5 55. Ke3 g5 56. Kf3 f4 57. Rd5 Kg6 58. Ke4 d2 59. Kf3 Kf6
60. Rd8 Kf7 61. Rd3 Ke6 62. Rd8 Rg1 63. Rxd2 Ke5 64. Rd8 g4+ 65. Ke2 f3+ 66.
Kd2 Ra1 67. Re8+ Kf6 68. Rf8+ Ke5 69. Re8+ Kd4 70. Rd8+ Ke4 71. Re8+ Kd4 72.
Rd8+ Ke4 73. Re8+ Kd4 1/2-1/2

[Event "Open Mediterranean 2017"]
[Site "Rijeka CRO"]
[Date "2009.12.04"]
[Round "8.11"]
[White "Lovik, Lasse Ostebo"]
[Black "Cebalo, Miso"]
[Result "1/2-1/2"]
[WhiteElo "2379"]
[BlackElo "2483"]
[PlyCount "94"]
[EventDate "2009.11.28"]
[EventType "swiss"]
[EventRounds "9"]
[EventCountry "CRO"]
[Source "lmi"]
[SourceDate "2009.11.28"]

1. e4 c5 2. Nf3 d6 3. Bb5+ Nc6 4. d4 cxd4 5. Nxd4 Bd7 6. O-O Nf6 7. Nc3 g6 8.
Re1 Bg7 9. Be3 O-O 10. f3 Re8 11. Qd2 Nxd4 12. Bxd4 Bxb5 13. Nxb5 a6 14. Nc3
Rc8 15. Rad1 Qa5 16. a3 Nd7 17. Bxg7 Kxg7 18. Qd4+ f6 19. Re2 Qc5 20. Qxc5 Rxc5
21. Nd5 Kf7 22. c3 b5 23. Kf2 Rb8 24. Rc2 a5 25. Re2 Rc6 26. Rdd2 e6 27. Ne3
Ke7 28. Nd5+ Kf7 29. Ne3 g5 30. Nc2 Ne5 31. Rd1 Ke7 32. g3 Nc4 33. Ne3 Rc5 34.
Nxc4 Rxc4 35. Rd4 Rc5 36. Re3 h5 37. h3 Rd8 38. Rd1 d5 39. Red3 b4 40. exd5
bxa3 41. bxa3 Rdxd5 42. Ke2 Rb5 43. Rxd5 exd5 44. Rd4 Rb3 45. Rxd5 Rxa3 46. h4
Ke6 47. Rb5 gxh4 1/2-1/2

[Event "Open Mediterranean 2017"]
[Site "Rijeka CRO"]
[Date "2009.12.04"]
[Round "8.12"]
[White "Martinovic, Sasa"]
[Black "Getz, Nicolai"]
[Result "1-0"]
[WhiteElo "2483"]
[BlackElo "2270"]
[PlyCount "53"]
[EventDate "2009.11.28"]
[EventType "swiss"]
[EventRounds "9"]
[EventCountry "CRO"]
[Source "lmi"]
[SourceDate "2009.11.28"]

1. d4 Nf6 2. c4 g6 3. Nf3 Bg7 4. g3 O-O 5. Bg2 d5 6. cxd5 Nxd5 7. O-O Nc6 8.
Nc3 Nb6 9. e3 Re8 10. Re1 e5 11. d5 Na5 12. e4 c6 13. b3 cxd5 14. exd5 Bg4 15.
Ba3 e4 16. Nxe4 Qxd5 17. Qxd5 Nxd5 18. Rac1 Red8 19. Red1 Nc6 20. Nc5 Nd4 21.
Rxd4 Bxf3 22. Rd3 Bxg2 23. Kxg2 b6 24. Rcd1 bxc5 25. Rxd5 Bd4 26. Rxd8+ Rxd8
27. Bxc5 1-0

[Event "Open Mediterranean 2017"]
[Site "Rijeka CRO"]
[Date "2009.12.04"]
[Round "8.13"]
[White "Plenca, Julijan"]
[Black "Kazhgaleyev, Murtas"]
[Result "0-1"]
[WhiteElo "2317"]
[BlackElo "2653"]
[PlyCount "54"]
[EventDate "2009.11.28"]
[EventType "swiss"]
[EventRounds "9"]
[EventCountry "CRO"]
[Source "lmi"]
[SourceDate "2009.11.28"]

1. e4 d6 2. d4 Nf6 3. Nc3 e5 4. Nf3 Nbd7 5. g4 Nxg4 6. Rg1 exd4 7. Nxd4 Nde5 8.
h3 Nf6 9. f4 Ng6 10. Be3 Bd7 11. Qd3 Nh5 12. Nde2 c6 13. O-O-O Be7 14. Bg2 Qc7
15. Qc4 Qa5 16. e5 d5 17. Qb3 Bc5 18. Bxc5 Qxc5 19. Ne4 dxe4 20. Rxd7 O-O 21.
Rf1 Rad8 22. Rxd8 Rxd8 23. Qc3 Qxc3 24. bxc3 e3 25. Be4 Ngxf4 26. Nd4 c5 27.
Nf5 Ne2+ 0-1

[Event "Open Mediterranean 2017"]
[Site "Rijeka CRO"]
[Date "2009.12.04"]
[Round "8.14"]
[White "Juranic, Bruno"]
[Black "Neubauer, Martin"]
[Result "0-1"]
[WhiteElo "2214"]
[BlackElo "2452"]
[PlyCount "122"]
[EventDate "2009.11.28"]
[EventType "swiss"]
[EventRounds "9"]
[EventCountry "CRO"]
[Source "lmi"]
[SourceDate "2009.11.28"]

1. e4 e5 2. Nf3 Nc6 3. d4 exd4 4. Bc4 Nf6 5. e5 d5 6. Bb5 Ne4 7. Nxd4 Bd7 8.
Bxc6 bxc6 9. O-O Bc5 10. f3 Ng5 11. f4 Ne4 12. Be3 Bb6 13. c3 O-O 14. Nd2 Nxd2
15. Qxd2 f6 16. e6 c5 17. Nb3 Bxe6 18. Nxc5 Bf5 19. b4 Re8 20. Bd4 Qe7 21. Rae1
Qf7 22. Rxe8+ Rxe8 23. Re1 h5 24. Rxe8+ Qxe8 25. Qe3 Qg6 26. Qg3 Qh6 27. Qe3 h4
28. h3 Qg6 29. Kf2 Bxc5 30. Bxc5 Be4 31. g4 hxg3+ 32. Qxg3 Qe8 33. Bd4 Kf7 34.
Qg4 Qa4 35. Qh5+ Kg8 36. Kg3 a6 37. Qg4 Qxa2 38. f5 Qd2 39. Qh5 Qe1+ 40. Kf4
Qf1+ 41. Ke3 Qe1+ 42. Kf4 Bc2 43. Be3 Ba4 44. Qf3 Qh4+ 45. Qg4 Qh6+ 46. Kf3
Bd1+ 47. Kf2 Bxg4 48. Bxh6 Bxh3 49. Bf4 c6 50. Ke3 Bxf5 51. Kd4 Bc2 52. Bc7 Kf7
53. Ke3 g5 54. Bd8 Kg6 55. Kf2 f5 56. Bc7 f4 57. Bd6 Kf5 58. Kg2 g4 59. Kf2 g3+
60. Ke2 Kg4 61. Bc5 Bb3 0-1

[Event "Open Mediterranean 2017"]
[Site "Rijeka CRO"]
[Date "2009.12.04"]
[Round "8.15"]
[White "Loncar, Robert"]
[Black "Debray, Christopher"]
[Result "1/2-1/2"]
[WhiteElo "2406"]
[BlackElo "2358"]
[PlyCount "22"]
[EventDate "2009.11.28"]
[EventType "swiss"]
[EventRounds "9"]
[EventCountry "CRO"]
[Source "lmi"]
[SourceDate "2009.11.28"]

1. Nf3 Nf6 2. c4 e6 3. Nc3 Bb4 4. g3 d5 5. Qa4+ Nc6 6. Ne5 Qd6 7. Nxc6 bxc6 8.
Bg2 O-O 9. O-O e5 10. cxd5 cxd5 11. d3 Bd7 1/2-1/2

[Event "Open Mediterranean 2017"]
[Site "Rijeka CRO"]
[Date "2009.12.04"]
[Round "8.16"]
[White "Bjelicic, Jan"]
[Black "Battaglini, Gabriel"]
[Result "0-1"]
[WhiteElo "2087"]
[BlackElo "2398"]
[PlyCount "60"]
[EventDate "2009.11.28"]
[EventType "swiss"]
[EventRounds "9"]
[EventCountry "CRO"]
[Source "lmi"]
[SourceDate "2009.11.28"]

1. e4 c6 2. d3 d5 3. Nd2 e5 4. Ngf3 Bd6 5. g3 Nf6 6. Bg2 Nbd7 7. O-O O-O 8. h3
Re8 9. Re1 a5 10. g4 g6 11. Nh2 Nc5 12. Ndf1 dxe4 13. dxe4 Ne6 14. Ng3 Nf4 15.
g5 N6h5 16. Nxh5 Nxh5 17. Bf3 Ng7 18. h4 Qe7 19. Be3 Be6 20. Bg4 Bc5 21. Bxe6
Nxe6 22. Ng4 Red8 23. Qf3 h5 24. gxh6 Bxe3 25. fxe3 Qxh4 26. h7+ Kxh7 27. Rad1
Ng5 28. Nf6+ Kg7 29. Qg4 Qxg4+ 30. Nxg4 Nf3+ 0-1

[Event "Open Mediterranean 2017"]
[Site "Rijeka CRO"]
[Date "2009.12.04"]
[Round "8.17"]
[White "Bukal, Vladimir Jr"]
[Black "Urukalovic, Roman"]
[Result "1-0"]
[WhiteElo "2387"]
[BlackElo "2237"]
[PlyCount "69"]
[EventDate "2009.11.28"]
[EventType "swiss"]
[EventRounds "9"]
[EventCountry "CRO"]
[Source "lmi"]
[SourceDate "2009.11.28"]

1. d4 Nf6 2. c4 c5 3. d5 e6 4. Nc3 exd5 5. cxd5 d6 6. Nf3 g6 7. Nd2 Bg7 8. Nc4
O-O 9. g3 Nh5 10. Bg2 Qe7 11. O-O b6 12. Nb5 Rd8 13. a4 Ba6 14. e4 Bxb5 15.
axb5 Nd7 16. f4 Bd4+ 17. Kh1 f6 18. Ra3 Ng7 19. Be3 Bxe3 20. Rxe3 Rab8 21. Qb3
Kh8 22. Qc3 Re8 23. h4 g5 24. hxg5 fxg5 25. e5 gxf4 26. gxf4 Nf5 27. exd6+ Qf6
28. Rxe8+ Rxe8 29. Ne5 Nxe5 30. fxe5 Qh4+ 31. Kg1 Nd4 32. Qe3 Qg4 33. Kh2 Qh5+
34. Bh3 Nc2 35. Qf4 1-0

[Event "Open Mediterranean 2017"]
[Site "Rijeka CRO"]
[Date "2009.12.04"]
[Round "8.19"]
[White "Rukavina, Josip"]
[Black "Sikanjic, Bojan"]
[Result "1-0"]
[WhiteElo "2428"]
[BlackElo "2160"]
[PlyCount "45"]
[EventDate "2009.11.28"]
[EventType "swiss"]
[EventRounds "9"]
[EventCountry "CRO"]
[Source "lmi"]
[SourceDate "2009.11.28"]

1. c4 c5 2. Nf3 Nc6 3. Nc3 g6 4. e3 Bg7 5. d4 f5 6. Be2 Nh6 7. dxc5 Bxc3+ 8.
bxc3 Qa5 9. Qb3 Qxc5 10. Ba3 Qa5 11. c5 Nf7 12. O-O O-O 13. Ng5 Kg7 14. Nxf7
Rxf7 15. f4 Qc7 16. c4 Qa5 17. Rfd1 b6 18. cxb6 axb6 19. Bb2+ Kg8 20. Rd5 Qa7
21. Rad1 d6 22. Qc3 Rf6 23. Rxd6 1-0